The Wire Quotes - Fill in the Blank Quiz Stats

 Plays Quiz not verified by Sporcle

Score 0/20 Timer 05:00
0 Plays Today
Quote Answer % Correct
The game is rigged. But you cannot lose if you do not _______.Play
97.6%
You put fire to everything you touch McNulty, then you walk away while it ______.Burns
93%
This look like money, motherf---er? Money be _______ !Green
92.4%
I'm just a ____________ I suppose.Gangsta
92.2%
Lesson here 'Bey: You come at the ________ you best not miss.King
90%
My name is my _______!Name
89.2%
A man must have a _________.Code
88.4%
If it's a lie, then we ________ on that lie.Fight
82.7%
World going one way, _________ another yo.People
78.5%
Money ain't got no owners. Only _________.Spenders
72.9%
Quote Answer % Correct
It's Baltimore gentlemen. The ______ will not save you.Gods
69.9%
The Bunk is strictly a ______ and _____ mother-F----er.Suit, tie
54.6%
Be a little slow, be a little __________, just once.Late
52.9%
Ain't no shame in holding on to ________.Grief
48.3%
Nevermind you ____. _____ ain't in your repertoire no more.Why
43.3%
You'd rather live in sh-- than let the world see you work a __________Shovel
42%
Our job is to report the news, not to ____________ it.Manufacture
39.4%
Man said if you want to shoot nails this here's the Cadillac, man. He mean _____ but he ain't know it.Lexus
39.3%
Enough for us to know that he was, despite his neglibile Irish ancestry, his defects of personality and his inconstant sobriety and _____________, a true murder police. Hygiene
14.3%
Everybody stays friends, everybody gets paid and everybody's got a f---ing ___________Future
12.9%

You're not logged in!

Compare scores with friends on all Sporcle quizzes.
OR
Log In

You Might Also Like...

Show Comments

Extras

Created Dec 31, 2011ReportNominate
Tags:Quote Quiz, blank, speaker, The Wire, wire

Top Quizzes Today


Score Distribution

Your Account Isn't Verified!

In order to create a playlist on Sporcle, you need to verify the email address you used during registration. Go to your Sporcle Settings to finish the process.

Report this User

Report this user for behavior that violates our Community Guidelines.

Details: